1480 1168 1544 1360 1814 1861 1469 1855 1985 1210 1611 1681 1636 1470 1125 1234 1824 1530 1073 1352 1598 1517 1555 1384 1277 1581 1685 1893 1004 1538 1970 1735 1174 1159 1154 1133 1725 1821 1023 1819 1798 1188 1661 1804 1443 1795 1112 1204 1795 1534 1876 1702 1318 1881 1727 1642 1099 1007 1912 1425 1152 1768 1750 1551 1336 1494 1752 1814 1719 1412 1394 1970 1886 1253 1789 1152 1900 1205 1893 1194 1841 1441 1885 1663 1949 1048 1129 1837 1996 1813 1769 1726 1885 1317 1687 1005 1199 1121 1701 BCNSPRNW ULIB Ver.6.0+V

เปลี่ยนเป็นภาษาไทย

Change to English
 แสดงรายละเอียดบรรณานุกรม
  กลับหน้าหลัก

Brief Record : Get Marc (ISO 2709) : E-mail record : QR code < ปิดหน้าต่าง
LEADER : 00000nam 2200000uu 4500
001    13399127156
003     ULIB
008    191018s2562||||th 000 0 tha d
020 ^- ^a9786164577534
050 ^- ^aนว.^bจ756ร
100 0^ ^aเจ้าหญิงละเมอ.
245 10 ^aรักนะครับคุณชายซกมก /^cเจ้าหญิงละเมอ.
250 ^- ^aพิมพ์ครั้งที่ 1.
260 ^- ^aกรุงเทพฯ :^bมีดี,^c2562
300 ^- ^a375 หน้า.
945    ^p300^l0^i006343
999    ^aประนอม เกษจรัล
รายการนี้ยังไม่มีแท็ก
คุณยังไม่ได้ล็อกอิน คุณสามารถมีกิจกรรมร่วมกับเว็บไซต์ได้ แต่ต้องล็อกอินก่อน ::
  ล็อกอิน

รายการสื่อสารสนเทศ

ลำดับที่ ประเภท เลขเรียก/บาร์โค้ด สถานที่ สถานะ
1. นวนิยาย
นวนิยาย
นว. จ756ร ฉ.1 
  Barcode: 006343
ห้องสมุดวิทยาเขตนครสวรรค์
►นวนิยาย:l:Fiction
บนชั้น

รายการใกล้เคียง
    ผู้แต่ง [เจ้าหญิงละเมอ.]

BibComment


ยังไม่เคยถูกคอมเมนท์

คอมเมนท์ทรัพยากรรายการนี้
  คอมเมนท์: รักนะครับคุณชายซ..


 Copyright 2026. Bcnsprnw @Library